Mercvrii Gallobelgici Sleidano Svccentvriati, Sive Rervm In Gallia Et Belgio Potissimvm; Historicae Narrationis continuatae, Tomi Duodecimi Liber Qvartus : Mercvrii Gallobelgici Sleidano Svccentvriati, Sive Rervm In Gallia Et Belgio Potissimvm; Hispania Qvoqve, Italia, Anglia, Germania, Vngaria, Transyluania, vicinisque locis, à nundinis Francofordiensibus Anni 1619. Vernalibus, usque eiusdem Anni Autumnales potissimum gestarum, Historicae Narrationis continuatae, Tomi Duodecimi Liber Qvartus. Auctore M. Gotardo Arthus Dantiscano.

Podrobná bibliografia
Hlavný autor: Arthus, Gotthard, 1568/70-1628/30 (Dedicator)
Ďalší autori: Schwartzman à Schwartzenthal, Otto Melander (Dedicatee), Latomus, Sigismundus, 1599-1625/27 (Publisher)
Médium: Kniha
Jazyk:Latin
Vydané: Francofvrti, : Sumptibus Sigismvndi Latomi,, Anno 1619.
Témy:
Signatúra: S 946 prív. 3. PA
LEADER 02767nam a2200421 a 4500
001 000005607
005 20060718110818.0
008 060717s1619 gw e lato
FMT
040 |a SVKKK  |b slo  |c SVKKK  |e AACR2 
041 0 |a lat 
044 |a gw  |c DE 
080 |a 940.2(093.3) 
080 |a 07 
100 1 |a Arthus, Gotthard,  |d 1568/70-1628/30  |4 aut 
245 1 0 |a Mercvrii Gallobelgici Sleidano Svccentvriati, Sive Rervm In Gallia Et Belgio Potissimvm; Historicae Narrationis continuatae, Tomi Duodecimi Liber Qvartus :  |b Mercvrii Gallobelgici Sleidano Svccentvriati, Sive Rervm In Gallia Et Belgio Potissimvm; Hispania Qvoqve, Italia, Anglia, Germania, Vngaria, Transyluania, vicinisque locis, à nundinis Francofordiensibus Anni 1619. Vernalibus, usque eiusdem Anni Autumnales potissimum gestarum, Historicae Narrationis continuatae, Tomi Duodecimi Liber Qvartus. Auctore M. Gotardo Arthus Dantiscano. 
260 |a Francofvrti, :  |b Sumptibus Sigismvndi Latomi,,  |c Anno 1619. 
300 |a [8],165,[1] s. )(/4,A/8-K/8,L/3 [=87] list.  |c 8°. 16x10,5 cm 
500 |a Signet vydavateľa?, vlys ornam.-fig., inic. s ornam. pozadím vo voľ. priestore na 5 r., tlač dvojstĺpcová (register), tlač. marginálie v lat. jaz., kustódy. 
500 |a Chybné stránkovanie a zložkovanie: nam. s. 126-128 sú 146-148; 153 je 152; nam. zl. K/1 je zl. I/1. 
504 |a Na zl. )(/3b-)(/4a predmetový register. 
508 |a Na zl. )(/2-)(/3a ded. autora "... Dn. Ottoni Melandro cognominato Schvvartzman à Schvvartzenthal, Sacr. Caes. Maiestatis Consiliario, Comiti Palatino Caes. & I. V. D. ..." v závere s textom: "Francofurti ad Moenum mense Septemb. Anno 1619". 
510 4 |a VD 17 (3:600505L); GBV. 
501 |a Prív. 3. k: ARTHUS, G.: Mercvrii Gallobelgici Succenturiati, Sive Rervm In Gallia Et Belgio Potissimvm; Historicae Narrationis continuatae, Tomi Dvodecimi Liber Primvs. - Francofvrti, [s. n.], 1618, 4°, 8°. 
653 1 |a dejiny Európy 1619 
653 1 |a kronika 
653 1 |a žurnalistika - počiatky 
700 1 |a Schwartzman à Schwartzenthal, Otto Melander  |4 dte 
700 1 |a Arthus, Gotthard,  |d 1568/70-1628/30  |4 dto 
700 1 |a Latomus, Sigismundus,  |d 1599-1625/27  |4 pbl 
752 |a Nemecko  |d Frankfurt am Main 
852 |p S 946 prív. 3. PA 
904 |a cf--y---agazz----yyyb-1011-- 
905 |a af-b1dc- 
910 |a svkkk 
998 |a ST17 
BAS
LKR |a UP  |b 5597  |l HIS01  |n ARTHUS, G.: Mercvrii Gallobelgici Succenturiati, Sive Rervm In Gallia Et Belgio Potissimvm; Historicae Narrationis continuatae, Tomi Dvodecimi Liber Primvs  |m ARTHUS, G.: Mercvrii Gallobelgici Sleidano Svccentvriati, Sive Rervm In Gallia Et Belgio Potissimvm; Historicae Narrationis continuatae, Tomi Duodecimi Liber Qvartus